000 00924nam a2200253 a 4500
008 951031s1993||||xo 0 slo c
020 _a808522108X
_c10
040 _aSNK
_bslo
_cSNK
_eAACR2
041 1 _aslo
044 _axo
_cSK
080 _a520.98(437.617)(084.12)
100 1 _aDruga, Ladislav
_4aut
245 1 0 _aHvezdáreň Hurbanovo
_cLadislav Druga ; Fotogr. Milan Antal, Eugen Szücs
246 1 0 _aDie Sternwarte Hurbanovo
246 1 0 _aAstronomical Observatory Hurbanovo
250 _a1. vyd.
260 _aHurbanovo
_bSlovenské ústredie amatérskej astronómie
_c1993
_eNitra
_fNitrianske tlačiarne
300 _a64 s.
_bSúbež. úv. nem. a angl., noty
_c22 cm
500 _aVyd. pri prílež. 150. výr. narodenia zakladateľa hvezdárne v Hurbanove, Dr. Mikuláša Konkolyho-Thege
500 _aIlustr. na tit. liste
700 1 _aAntal, Milan
_4pht
700 1 _aSzücs, Eugen
_4pht
958 _aAJP
999 _c19682
_d19682